| 000 | 01399nam a22002897a 4500 | ||
|---|---|---|---|
| 005 | 20230216123728.0 | ||
| 008 | 230216b mx ||||| |||| 00| 0 spa d | ||
| 020 | _a9687376155 | ||
| 050 | 0 | 4 |
_aNA757.M8 _bR36 1994 |
| 050 | 0 | 4 |
_aNA757.M67 _bR36 1994 |
| 050 | 0 | 4 |
_aHT169.M62 _bM67 1994 |
| 100 | 1 |
_aRamírez Romero, Esperanza, _d1937- |
|
| 245 | 1 | 4 |
_aLas Zonas históricas de Morelia y Pátzcuaro ante el Tratado de Libre Comercio _c / Esperanza Ramírez Romero. |
| 250 | _a1a ed. | ||
| 260 |
_aMorelia, México : _bGobierno del Estado de Michoacán. Instituto Michoacano de Cultura : _bUniversidad Michoacana de San Nicolás de Hidalgo, _c1994. |
||
| 300 |
_a193 p. : _bil. ; _c21 cm. |
||
| 504 | _aBibliografía : p. 183-188 e índice. | ||
| 650 | 7 |
_2lemb _aArquitectura colonial _xConservación y restauración _zMéxico _zMorelia (Michoacán de Ocampo) |
|
| 650 | 7 |
_2lemb _aArquitectura colonial _xConservación y restauración _zMéxico _zPátzcuaro (Michoacán de Ocampo) |
|
| 650 | 7 |
_2lemb _aPlanificación de ciudades _zMéxico _zMorelia |
|
| 650 | 7 |
_2lemb _aPlanificación de ciudades _zMéxico _zPatzcuaro |
|
| 650 | 7 |
_2lemb _aUrbanismo _zMéxico _zMorelia |
|
| 650 | 7 |
_2lemb _aUrbanismo _zMéxico _zPatzcuaro |
|
| 651 | 7 |
_2lemb _aMorelia (México) _xEdificios _xConservación y restauración |
|
| 651 | 7 |
_2lemb _aPátzcuaro (México) _xEdificios _xConservación y restauración |
|
| 942 |
_2lcc _cLIB |
||
| 999 |
_c42587 _d42587 |
||